000
003210000a22001450004500
003
MACL
040
_a
MACL
090
_c
39894
_d
39892
100
_a
Elliot, Sir H M
245
_a
The History of Indis
_b
vol 3 The Muhammadan Period
260
_b
Kitab Mahal
350
_a
25
650
_a
History
942
_c
BOOK
_k
954/ELL
999
_c
39462
_d
39462